00900nam a2200181 a 450000100100000000500170001000800410002702000150006804000250008310000470010824501570015526000980031230000260041050000730043671000870050995201050059699900170070100003922720201002031543.0130611s1987 sp 000 0 spa d a8400064461 aDO-SdBNPbspacBNPHU1 aJerónimo de Santa Fed1350 . 141996543613aEl tratado De Iudaicis erroribus ex Talmut :bJerónimo de Santa Fe /cintroducción general, estudio y análisis de las fuentes por Moises Orfalí. aMadrid :bConsejo Superior de Investigaciones Científicas, Instituto de Filología,c1987. aXIV, 218 p. ;c27 cm. aIncluye referencias bibliográficas y notas al pie de las páginas2 aConsejo Superior de Investigaciones Científicas, Instituto de Filología965437 001050718MOaGRbGRcCTd2013-06-11iLF1l0o p39227-10r2020-06-25w2020-06-25y1ZNo se presta c38717d38717